MARC

LEADER 00000nam0a2200000 4500
001 33974
005 20231101210213.0
035 |a (RuTPU)RU\TPU\book\34348 
035 |a BOOK00000999 
090 |a 33974 
100 |a 20011210d1978 m y0rusy50 ca 
101 0 |a rus 
102 |a RU 
105 |a y j 000zy 
200 1 |a Расчет и проектирование деталей машин  |e учебное пособие  |f под ред. К. П. Жукова, Г. Б. Столбина 
210 |a Москва  |c Высшая школа  |d 1978 
215 |a 247 с. 
606 0 |a Детали машин  |x Конструкция и расчет  |2 stltpush  |3 (RuTPU)RU\TPU\subj\9169  |9 36447 
610 1 |a муфты 
610 1 |a проектирование 
610 1 |a конструирование 
610 1 |a передачи 
610 1 |a учебные пособия 
675 |a 621.81.001.66(075.8)  |v 3 
702 1 |a Жуков  |b К. П.  |g Константин Петрович  |4 340 
702 1 |a Столбин  |b Г. Б.  |g Георгий Борисович  |4 340 
801 0 |a RU  |b 63413507  |c 20011210  |g PSBO 
801 2 |a RU  |b 63413507  |c 20221010  |g PSBO 
900 |a Прикладная механика 
900 |a Детали машин 
900 |a Основы конструирования 
942 |c BK